Các thủ thuật Photoshop CS dành cho thợ nhiếp ảnh

Nội dung quyển sách trình bày các kỹ thuật để xử lý và phục hồi ảnh một cách thành thạo bằng cách sử dụng Photoshop như hiệu ứng Camera và thấu kính trong Photoshop CS. Các hiệu ứng Camera và thấu kính trong Photoshop CS. Các kỹ thuật phòng tố...

Полное описание

Сохранить в:
Библиографические подробности
Главный автор: Nguyễn, Ngọc Tuấn
Формат:
Язык:Undetermined
Опубликовано: Tp. Hồ Chí Minh Thống Kê 2005
Предметы:
Метки: Добавить метку
Нет меток, Требуется 1-ая метка записи!
Thư viện lưu trữ: Trung tâm Học liệu Trường Đại học Cần Thơ
LEADER 01041nam a2200217Ia 4500
001 CTU_91914
008 210402s9999 xx 000 0 und d
020 |c 46000 
082 |a 770.285 
082 |b T502 
100 |a Nguyễn, Ngọc Tuấn 
245 0 |a Các thủ thuật Photoshop CS dành cho thợ nhiếp ảnh 
245 0 |c Nguyễn Ngọc Tuấn và Hồng Phúc 
260 |a Tp. Hồ Chí Minh 
260 |b Thống Kê 
260 |c 2005 
520 |a Nội dung quyển sách trình bày các kỹ thuật để xử lý và phục hồi ảnh một cách thành thạo bằng cách sử dụng Photoshop như hiệu ứng Camera và thấu kính trong Photoshop CS. Các hiệu ứng Camera và thấu kính trong Photoshop CS. Các kỹ thuật phòng tối với Photoshop CS. 
650 |a Photography,Photoshop ( computer programs ) 
650 |x Processing 
904 |i Minh 
980 |a Trung tâm Học liệu Trường Đại học Cần Thơ